<?xml version="1.0" encoding="UTF-8"?>
<record
    xmlns:xsi="http://www.w3.org/2001/XMLSchema-instance"
    xsi:schemaLocation="http://www.loc.gov/MARC21/slim http://www.loc.gov/standards/marcxml/schema/MARC21slim.xsd"
    xmlns="http://www.loc.gov/MARC21/slim">

  <leader>01123nam a22002657a 4500</leader>
  <datafield tag="999" ind1=" " ind2=" ">
    <subfield code="c">65753</subfield>
    <subfield code="d">65753</subfield>
  </datafield>
  <controlfield tag="005">20240530110841.0</controlfield>
  <controlfield tag="008">200909s2019    ua     f      000 0 ara d</controlfield>
  <datafield tag="017" ind1=" " ind2=" ">
    <subfield code="a">2019/21802</subfield>
    <subfield code="b">&#x645;&#x635;&#x631;. &#x62F;&#x627;&#x631; &#x627;&#x644;&#x643;&#x62A;&#x628;</subfield>
  </datafield>
  <datafield tag="020" ind1=" " ind2=" ">
    <subfield code="a">9789779125527</subfield>
  </datafield>
  <datafield tag="040" ind1=" " ind2=" ">
    <subfield code="a">EG-CaGPL</subfield>
    <subfield code="c">EG-CaGPL</subfield>
  </datafield>
  <datafield tag="082" ind1="0" ind2="4">
    <subfield code="2">21</subfield>
    <subfield code="a">359.00962</subfield>
    <subfield code="b">&#x642;/&#x639; &#x628;</subfield>
  </datafield>
  <datafield tag="100" ind1="0" ind2=" ">
    <subfield code="a">&#x639;&#x628;&#x62F;&#x647; &#x645;&#x628;&#x627;&#x634;&#x631; </subfield>
  </datafield>
  <datafield tag="245" ind1="1" ind2="2">
    <subfield code="a">&#x627;&#x644;&#x628;&#x62D;&#x631;&#x64A;&#x629; &#x627;&#x644;&#x645;&#x635;&#x631;&#x64A;&#x629; &#x645;&#x646; &#x645;&#x62D;&#x645;&#x62F; &#x639;&#x644;&#x649; &#x627;&#x644;&#x649; &#x627;&#x644;&#x633;&#x627;&#x62F;&#x627;&#x62A; 1800 - 1973 /</subfield>
    <subfield code="c">&#x62A;&#x627;&#x644;&#x64A;&#x641; &#x639;&#x628;&#x62F;&#x647; &#x645;&#x628;&#x627;&#x634;&#x631; </subfield>
  </datafield>
  <datafield tag="250" ind1=" " ind2=" ">
    <subfield code="a">&#x637;.1</subfield>
  </datafield>
  <datafield tag="260" ind1=" " ind2=" ">
    <subfield code="a">&#x627;&#x644;&#x642;&#x627;&#x647;&#x631;&#x629; : </subfield>
    <subfield code="b">&#x627;&#x644;&#x647;&#x64A;&#x626;&#x629; &#x627;&#x644;&#x645;&#x635;&#x631;&#x64A;&#x629; &#x627;&#x644;&#x639;&#x627;&#x645;&#x629; &#x644;&#x644;&#x643;&#x62A;&#x627;&#x628;&#x60C;</subfield>
    <subfield code="c">2019.</subfield>
  </datafield>
  <datafield tag="300" ind1=" " ind2=" ">
    <subfield code="a">423 &#x635;. &#x61B;</subfield>
    <subfield code="c">24 &#x633;&#x645;.</subfield>
  </datafield>
  <datafield tag="504" ind1=" " ind2=" ">
    <subfield code="a">&#x64A;&#x634;&#x62A;&#x645;&#x644; &#x639;&#x644;&#x649; &#x627;&#x631;&#x62C;&#x627;&#x639;&#x627;&#x62A; &#x628;&#x628;&#x644;&#x64A;&#x648;&#x62C;&#x631;&#x627;&#x641;&#x64A;&#x629; </subfield>
  </datafield>
  <datafield tag="650" ind1="0" ind2="7">
    <subfield code="2">&#x627;&#x644;&#x645;&#x639;&#x627;&#x631;&#x643; &#x627;&#x644;&#x628;&#x62D;&#x631;&#x64A;&#x629;</subfield>
    <subfield code="z">&#x645;&#x635;&#x631;</subfield>
  </datafield>
  <datafield tag="651" ind1="0" ind2="7">
    <subfield code="2">qrmak</subfield>
    <subfield code="a">&#x645;&#x635;&#x631;</subfield>
    <subfield code="x">&#x627;&#x644;&#x62A;&#x627;&#x631;&#x64A;&#x62E; &#x627;&#x644;&#x628;&#x62D;&#x631;&#x649; </subfield>
  </datafield>
  <datafield tag="651" ind1="0" ind2="7">
    <subfield code="a">&#x645;&#x635;&#x631;</subfield>
    <subfield code="x">&#x627;&#x644;&#x62A;&#x627;&#x631;&#x64A;&#x62E; &#x627;&#x644;&#x628;&#x62D;&#x631;&#x649; </subfield>
    <subfield code="y">&#x639;&#x635;&#x631; &#x645;&#x62D;&#x645;&#x62F; &#x639;&#x644;&#x649; </subfield>
  </datafield>
  <datafield tag="651" ind1="0" ind2="7">
    <subfield code="a">&#x645;&#x635;&#x631;</subfield>
    <subfield code="x">&#x627;&#x644;&#x62A;&#x627;&#x631;&#x64A;&#x62E; &#x627;&#x644;&#x628;&#x62D;&#x631;&#x649; </subfield>
    <subfield code="y">&#x639;&#x635;&#x631; &#x627;&#x633;&#x645;&#x627;&#x639;&#x64A;&#x644; </subfield>
  </datafield>
  <datafield tag="651" ind1="0" ind2="7">
    <subfield code="a">&#x645;&#x635;&#x631;</subfield>
    <subfield code="x">&#x627;&#x644;&#x62A;&#x627;&#x631;&#x64A;&#x62E; &#x627;&#x644;&#x628;&#x62D;&#x631;&#x649; </subfield>
    <subfield code="y">&#x627;&#x644;&#x639;&#x635;&#x631; &#x627;&#x644;&#x62D;&#x62F;&#x64A;&#x62B;</subfield>
  </datafield>
  <datafield tag="942" ind1=" " ind2=" ">
    <subfield code="2">ddc</subfield>
    <subfield code="c">BK</subfield>
  </datafield>
  <datafield tag="952" ind1=" " ind2=" ">
    <subfield code="0">0</subfield>
    <subfield code="1">0</subfield>
    <subfield code="4">0</subfield>
    <subfield code="7">0</subfield>
    <subfield code="a">CAI</subfield>
    <subfield code="b">CAI</subfield>
    <subfield code="c">CAIRO-LIBRARY</subfield>
    <subfield code="d">2020-09-12</subfield>
    <subfield code="l">0</subfield>
    <subfield code="o">359.00962 &#x642;/&#x639; &#x628;</subfield>
    <subfield code="p">166874</subfield>
    <subfield code="r">2022-10-05 00:00:00</subfield>
    <subfield code="w">2020-09-12</subfield>
    <subfield code="y">BK</subfield>
  </datafield>
</record>
